header

Maintaining biodiversity in forest ecosystems (Record no. 24518)

MARC details
000 -LEADER
fixed length control field 01362nam a2200349 a 4500
082 04 - DEWEY DECIMAL CLASSIFICATION NUMBER
Classification number 639.9
245 00 - TITLE STATEMENT
Title Maintaining biodiversity in forest ecosystems
260 ## - PUBLICATION, DISTRIBUTION, ETC. (IMPRINT)
Place of publication Cambridge, UK ;
-- New York, NY, USA :
Name of publisher Cambridge University Press,
Year of publication 1999.
300 ## - PHYSICAL DESCRIPTION
Number of Pages xiv, 698 p. :
Other physical details ill., maps.
650 #0 - SUBJECT ADDED ENTRY--TOPICAL TERM
Topical Term Biodiversity conservation.
Topical Term Forest conservation.
Topical Term Ecosystem management.
Topical Term Forest management.
Topical Term Forest ecology.
700 1# - ADDED ENTRY--PERSONAL NAME
Personal name Hunter, Malcolm L.
856 40 - ELECTRONIC LOCATION AND ACCESS
Uniform Resource Identifier http://site.ebrary.com/lib/rucke/Doc?id=10022077

No items available.

© 2026 Rongo University
Contact us: librarian | system librarian | Rongo university